000 00895nam a22002295i 4500
001 155861
003 ES-MaACL
005 20251110063231.0
008 040722s1899 fr |||| | fre d
040 _aCAM
_bspa
_cCAM
100 1 _aIbsen, Henrik,
_d1828-1906
_965031
245 1 4 _aLes revenants
_b: ; Maison de poupée /
_cHenrik Ibsen ; traduits du norvégien par M. Prozor ; avec une préface d'Edouard Rod.
250 _aNouvelle éd.
260 _aParis :
_bPerrin et C., libraires-éditeurs,
_c1899 (
_eSaint-Denis :
_fImp. Bouillant)
300 _aXXVI, 279, [2] p. ;
_c18 cm.
490 1 _aLibrairie Academique Didier
700 0 _aRod, Edouard.
_998088
700 1 _aProzor, Maurice,
_d1848-1928
_9131390
830 0 _aLibrairie Academique Didier
_9188012
852 _aES-MaACL
_jF-9494
_z-- Enc. pasta española, falto de la cub. original
999 _c155861
_d155861